000 00673nam a2200217Ia 4500
003 GCL
008 140319s9999 xx 000 0 ara d
040 _aGCL /
_cGCL
082 0 4 _a221.3
_bم م
100 1 _aمحمد فؤاد عبدالباقى
245 1 0 _aالمعجم المفهرس لالفاظ القران الكريم /
_cمحمد فؤاد عبدالباقى
260 _a[S.N] :
_bدار مطابع الشعب ،
_c1945
300 _a781 ص
490 _aكتاب الشعب
_v0
650 0 4 _aالالفاظ
650 0 4 _aاللغة العربية
650 0 4 _aالمعاجم
650 0 4 _aالفهارس
650 0 4 _aالقران
942 _2ddc
_cBK
999 _c34622
_d34622